03247nam a2200289 a 4500003000500000005001700005007001500022008004100037035001100078040000900089100002200098245021100120264004100331300005900372336002700431337002900458338003800487502003200525520211800557650003302675650001202708650004902720650004702769650004702816700004102863856005302904CHAP20240913132951.0cr ||||||a|c|a101027s2010 mx r 00010 spa d a111258 cCHAP1 aVega Ruiz, Rafael10aCantidad de precipitación a diferentes niveles de probabilidad, estimada con precipitación media en los estados de Chihuahua, Jalisco y Tabascoc/por Rafael Vega Ruiz; director Ramón Arteaga Ramírez 1aChapingo, Méx. :bEl autor,c2010. a1 recurso en línea (137 páginas):bfiguras, tablas 2rdacontentatextobtxt 2rdamediaacomputadorabc 2rdacarrierarecursos en lineabcr bIIcIrrigaciónd2010gLIC aEn el presente trabajo se desarrolló una mejor, sencilla y nueva forma de presentar los datos de probabilidad de lluvia que aparecen en Precipitación y Probabilidad de la Lluvia en la República Mexicana y su Situación (UNAM y CETENAL, 1979, 1981 y 1985), con motivo de hacer más viable el uso de dicha información climatológica. Se analizó la precipitación de los estados de Chihuahua, Jalisco y Tabasco en las formas de precipitación anual, mensual, de los ciclos mayo a octubre y noviembre a abril. Con los datos de las estaciones climatológicas de cada estado se elaboraron gráficas de precipitación a partir de una distribución Gamma, 15 por cada estación (una para cada mes, una anual, otra del ciclo mayo a octubre y la última para el ciclo noviembre a abril), estas mismas se utilizaron para extraer datos de precipitación en milímetros para los niveles de probabilidad de 20%, 40%, 60% y 80%, lo cual se hizo manualmente con lápiz, escuadras y calculadora. Con estos datos y la precipitación media para cada caso, se obtuvieron un total de 48 modelos de regresión lineal, esto es, uno para cada nivel de probabilidad que son cuatro y esto por cada forma de precipitación, o sea, otras cuatro veces, 16 modelos por estado. Con los modelos se pretende hacer un mejor uso de la información de la base de datos, es decir, se obtiene la precipitación a un cierto nivel de probabilidad a partir de la precipitación media de un lugar con solo sustituir en el modelo correspondiente. Además, se hace una verificación con datos de un 20% de estaciones de cada estado para los cuatro tipos de precipitación ya que previamente el otro 80% se utilizó para la obtención de los modelos, y éstos se prueban en el 20% restante. Se comparan los resultados, el obtenido manualmente y el de los modelos; lo mismo se hizo con gráficas y mapas de densidad de precipitación. En conclusión, los resultados fueron positivos, los modelos confiables y la aplicación de esta metodología muy recomendable para otros proyectos similares que se pudieran elaborar.14aEstaciones meteorológicas.14aLluvia.14aPrecipitación (Meteorología)xChihuahua.14aPrecipitación (Meteorología)xJalisco.14aPrecipitación (Meteorología)xTabasco.0 aArteaga Ramírez, RamóneDirector uhttp://10.13.5.2/tesis/111258.pdfzDESCARGAR PDF